Sports Quiz

Random Sports or Baseball Quiz
Score 0/23 Timer 05:00
1 Play Today
Player % Correct
Hank Aaron
94.6%
Randy Johnson
92.1%
Walter Johnson
91.4%
Nolan Ryan
89.1%
Willie Mays
88.7%
Alex Rodriguez
85.9%
Greg Maddux
80%
Roger Clemens
78.8%
Albert Pujols
72%
Eddie Murray
62.2%
Rafael Palmeiro
61.2%
Steve Carlton
61%
Player % Correct
Stan Musial
60.2%
Tom Seaver
58.3%
Cal Ripken Jr.
52.6%
Carl Yastrzemski
45.8%
Al Kaline
44%
Phil Niekro
42.1%
George Brett
41.9%
Adrián Beltré
41.7%
Don Sutton
40%
Dave Winfield
38.6%
Gaylord Perry
35.3%

You're not logged in!

Compare scores with friends on all Sporcle quizzes.
OR
Log In

Sporcle TV

Today on Sporcle TV


Watch our educational content, quiz creation guides, and fun videos on Sporcle TV.

Show Comments

Extras

Top Quizzes Today


Score Distribution

Paid Content

Your Account Isn't Verified!

In order to create a playlist on Sporcle, you need to verify the email address you used during registration. Go to your Sporcle Settings to finish the process.

Report this User

Report this user for behavior that violates our Community Guidelines.

Details: